000 00676nam a2200157 a 4500
008 100906s1981 ||||||||||||||||| || u
050 _aCOMM(02)
110 _aCommonwealth Secretariat
245 1 0 _aRural technology workshop, South Pacific, Suva, Fiji: 29 june - 10 july 1981: summary of conclusions and recommendations
260 _aLondon:
_bCommonwealth Secretariat
_c1981
300 _avariant pagings
350 _a0.00
650 7 _aTECHNOLOGY
_2fast
650 _aAPPROPRIATE TECHNOLOGY--SOUTH PACIFIC
995 _D0.00
_FCBU-MAIN LIBRARY (Kitwe)
_H1
_I0.00
_M1
_UAVAILABLE
_WSep 6, 2010
_ZInternational Publications
999 _c56846
_d56846